Philippine literature (Record no. 59283)

MARC details
000 -LEADER
fixed length control field 00648nam a22001937a 4500
005 - DATE AND TIME OF LATEST TRANSACTION
control field 20221115134934.0
040 ## - CATALOGING SOURCE
Transcribing agency urs
050 ## - LIBRARY OF CONGRESS CALL NUMBER
Classification number PL 6141 P45 2003
245 ## - TITLE STATEMENT
Title Philippine literature
Remainder of title a history and anthology
Statement of responsibility, etc [edited by] Bienvenido Lumbera, Cynthia Nograles Lumbera
250 ## - EDITION STATEMENT
Edition statement Revised edition
260 ## - PUBLICATION, DISTRIBUTION, ETC. (IMPRINT)
Place of publication, distribution, etc Pasig City
Name of publisher, distributor, etc Anvil
Date of publication, distribution, etc 2003
336 ## - CONTENT TYPE
Source rdacontent
Content type term text
Content type code txt
337 ## - MEDIA TYPE
Source rdamedia
Media type term unmediated
Media type code n
338 ## - CARRIER TYPE
Source rdacarrier
Carrier type term volume
Carrier type code nc
650 #0 - SUBJECT ADDED ENTRY--TOPICAL TERM
9 (RLIN) 688
Topical term or geographic name as entry element Philippine literature
Form subdivision History and criticism.
700 ## - ADDED ENTRY--PERSONAL NAME
9 (RLIN) 693
Personal name Lumbera, Bienvenido.,
Relator term editor.
700 ## - ADDED ENTRY--PERSONAL NAME
9 (RLIN) 691
Personal name Lumbera, Cynthia Nograles.,
Relator term editor.
942 ## - ADDED ENTRY ELEMENTS (KOHA)
Source of classification or shelving scheme Library of Congress Classification
Koha item type Filipiniana
Holdings
Withdrawn status Lost status Source of classification or shelving scheme Damaged status Not for loan Home library Current library Shelving location Date acquired Total Checkouts Full call number Barcode Date last seen Price effective from Koha item type
    Library of Congress Classification     Binangonan College Library Binangonan College Library Filipiniana Section 11/15/2022   PL 6141 P45 2003 URSBIN-2880 11/15/2022 11/15/2022 Filipiniana
    Library of Congress Classification     Binangonan College Library Binangonan College Library Filipiniana Section 11/15/2022   PL 6141 P45 2003 URSBIN-2918 11/15/2022 11/15/2022 Filipiniana

University of Rizal System
Email us at univlibservices@urs.edu.ph

Visit our Website www.urs.edu.ph/library